000 00293nam a22001337a 4500
008 170619b xxu||||| |||| 00| 0 eng d
020 _a9781555879938
041 _aeng
080 _a32
100 _a20
101 _ashp
245 _aGLOBAL CITIZEN ACTION
_cEDWAEDS.M
942 _2udc
_cBK
999 _c18061
_d18061